000 02020nam a22002777a 4500
003 UA-OsUOA
001 133027
007 ta
008 20180926b un ||||| |||| 00| 0 ukr d
090 _bJ-34
942 _cMGN
040 _aUA-OsUOA
_beng
_cUA-OsUOA
_dUA-OsUOA
245 _aJournal of Information Systems Engineering and Business Intelligence
_cEditor-in-Chief INDRA Kharisma Raharjana
955 _a1
041 _aeng
856 4 0 _uhttps://e-journal.unair.ac.id/JISEBI/issue/view/474
520 3 _aJournal of Information Systems Engineering and Business Intelligence (JISEBI, e-ISSN:2443-2555 p-ISSN:2598-6333) is an international, peer-reviewed, open-access journal published by Universitas Airlangga (Top 5 Indonesian University-QS World Universit
520 3 _ay Rankings 2018). Indexed by DOAJ, Crossref, Google Scholar, BASE, SINTA 2.0, and Microsoft Academic Search.Benefits of Publishing with JISEBI- No Publication Fee for International Authors (Author from Indonesia will be required to pay an Articl
520 3 _ae Publication Fee Rp 300.000, -) http://s.id/1fEC- Offer open access license (CC-BY), authors retain the copyright.- Get peer-reviewed and improve your manuscript.This journal has been accredited by National Journal Accreditation (ARJUNA) mana
520 3 _aged by the Ministry of Research, Technology and Higher Education, Republic Indonesia with Peringkat 2 (SINTA 2) since the year 2016 to 2020 according to the decree number 21/E/KPT/2018 dated 9th July 2018. JISEBI invites original and review artic
520 3 _ales on various issues within Information Systems Engineering and Business Intelligence, which include but are not limited to Software Engineering, Management and Utilization of Information Systems, Organizational Governance, Enterprise Resource Planni
520 3 _ang, Enterprise Architecture Planning, Knowledge Management, Data and Text Mining, Artificial Intelligence, and Decision Support System.
260 _c2017
246 3 1 _a1
_n
650 7 _2UDC
999 _c421597
_d421597